| 000 | 00446nam a2200181Ia 4500 | ||
|---|---|---|---|
| 008 | 151202s9999||||xx |||||||||||||| ||und|| | ||
| 082 | _bPNVM-81503 | ||
| 100 | _aSWAMI CHIDBHAVANANDA. | ||
| 245 | _aHOLY BIBLE. | ||
| 260 | _bSRI RAMAKRISHNA TIRUPPAITTURAI. | ||
| 260 | _c1975 | ||
| 300 | _a61 | ||
| 600 | _aSWAMI CHIDBHAVANANDA. | ||
| 630 | _aHOLY BIBLE. | ||
| 700 | _aSWAMI CHIDBHAVANANDA. | ||
| 730 | _aHOLY BIBLE. | ||
| 942 | _cBOOK | ||
| 999 |
_c1346111 _d1346108 |
||